000 00456pab a2200169 454500
008 180718b2006 xxu||||| |||| 00| 0 eng d
100 _aCrisp, Catherine
245 _aThe gay affirmative practice scale (GAP): a new measure for assessing cultural competence with gay and lesbian clients
260 _c2006
300 _ap.115-26.
362 _aApr
650 _aGays
650 _aLesbians
773 _aSocial work
908 _aN
909 _a78571
999 _c78571
_d78571